[Event "ICS rated blitz match"]
[Site "204.178.125.65"]
[Date "1999.09.12"]
[Round "?"]
[White "Banane"]
[Black "Hossa"]
[Result "0-1"]
[WhiteElo "2076"]
[BlackElo "2465"]
[PlyCount "22"]
[EventDate "1999.??.??"]

1. e4 e6 2. d3 d5 3. Nd2 c5 4. g3 Bd6 5. Bg2 Ne7 6. Ngf3 Nbc6 7. O-O O-O 8. c3
b6 9. Qe2 Ba6 10. e5 Bc7 11. Re1 11... Ng6 {Banane resigns} 0-1

[Event "ICS rated blitz match"]
[Site "204.178.125.65"]
[Date "1999.09.26"]
[Round "?"]
[White "Banane"]
[Black "Hossa"]
[Result "0-1"]
[WhiteElo "2082"]
[BlackElo "2455"]
[PlyCount "156"]
[EventDate "1999.??.??"]

1. d4 Nf6 2. Bg5 Ne4 3. Bf4 e6 4. f3 Bb4+ 5. c3 Bd6 6. Bxd6 Nxd6 7. e3 Nf5 8.
Qd2 O-O 9. e4 Ne7 10. Bd3 f5 11. Ne2 fxe4 12. fxe4 Nbc6 13. Rf1 Ng6 14. Qe3
Qh4+ 15. Qg3 Qxg3+ 16. hxg3 Rxf1+ 17. Kxf1 e5 18. d5 Nce7 19. Nd2 d6 20. Nf3
Bg4 21. Kf2 Rf8 22. Ke3 c6 23. c4 a5 24. b3 cxd5 25. cxd5 h6 26. Rc1 Rf7 27.
Bb5 Kf8 28. Nh2 Bc8 29. Rf1 Rxf1 30. Nxf1 Bg4 31. Nc3 h5 32. Be2 Bxe2 33. Kxe2
Nh8 34. Nb5 Nf7 35. Ne3 Nc8 36. Nc4 a4 37. bxa4 Ke7 38. Ke3 Kd7 39. a5 Kd8 40.
Nc3 Ke7 41. Nb5 Kd7 42. Nb6+ Nxb6 43. axb6 g5 44. Nc7 Ke7 45. a4 Nh6 46. a5 Kd7
47. Nb5 Ng4+ 48. Kf3 Nh2+ 49. Ke2 Kc8 50. Nc7 Kd7 51. Ne6 Kc8 52. Nxg5 Ng4 53.
Nf7 Kd7 54. a6 bxa6 55. b7 Kc7 56. Nxd6 Nf6 57. Nf7 Kxb7 58. Nxe5 Nxe4 59. Kf3
Nf6 60. d6 Ng4 61. Nxg4 hxg4+ 62. Kxg4 a5 63. Kf3 a4 64. Ke2 a3 65. Kd3 a2 66.
Kc2 a1=Q 67. d7 Qa4+ 68. Kd3 Qxd7+ 69. Ke3 Qg4 70. Kf2 Kc6 71. Ke3 Qxg3+ 72.
Ke4 Qxg2+ 73. Kf5 Qf3+ 74. Ke5 Qg4 75. Kf6 Kd6 76. Kf7 Qg5 77. Kf8 Ke6 78. Ke8
78... Qg8# {Banane checkmated} 0-1

[Event "ICS rated blitz match"]
[Site "204.178.125.65"]
[Date "1999.09.15"]
[Round "?"]
[White "Banane"]
[Black "Hossa"]
[Result "0-1"]
[WhiteElo "2124"]
[BlackElo "2360"]
[PlyCount "222"]
[EventDate "1999.??.??"]

1. e4 d5 2. exd5 Qxd5 3. Nc3 Qa5 4. Nf3 c6 5. Bc4 Bg4 6. h3 Qh5 7. Be2 Nf6 8.
d4 Nd5 9. Nxd5 cxd5 10. Ne5 Bxe2 11. Qxe2 Qxe2+ 12. Kxe2 Nd7 13. Bf4 e6 14.
Nxd7 Kxd7 15. c3 Rc8 16. g4 b5 17. a3 a5 18. Bd2 a4 19. f3 Bd6 20. f4 Rc7 21.
Raf1 Kc6 22. Kd3 g6 23. Rf2 h5 24. g5 Rhc8 25. h4 Kb6 26. Rhf1 Rc4 27. Rf3 Kc6
28. Ra1 Rc7 29. Ra2 Kb6 30. Ra1 R4c6 31. Ra2 Rc8 32. Ra1 R6c7 33. Ra2 Rc4 34.
Ra1 Kc7 35. Ra2 Kd7 36. Be1 Kc6 37. Bd2 Kb7 38. Be1 Kb6 39. Bd2 R8c6 40. Ra1
Ka7 41. Ra2 Kb7 42. Ra1 Rc8 43. Ra2 R4c6 44. Ra1 R6c7 45. Ra2 Kc6 46. Ra1 Kd7
47. Ra2 Rc6 48. Ra1 Rc4 49. Ra2 R8c6 50. Ra1 Ke8 51. Ra2 Ke7 52. Ra1 Rc7 53.
Ra2 Kd8 54. Ra1 Kc8 55. Ra2 Kb8 56. Ra1 Kb7 57. Ra2 R4c6 58. Ra1 Ka6 59. Ra2
Rc8 60. Ra1 Rc4 61. Ra2 R4c7 62. Ra1 Ra7 63. Ra2 Rc4 64. Rf1 Rac7 65. Rf2 Kb6
66. Rf3 Ka7 67. Rf2 R4c6 68. Re2 Rc8 69. Ra1 Kb7 70. Rae1 Kb6 71. Bc1 Bxa3 72.
Be3 Bd6 73. Rb1 a3 74. Bd2 a2 75. Ra1 Ra8 76. b4 Bxb4 77. cxb4 Ra3+ 78. Bc3
Rcxc3+ 79. Kd2 Rd3+ 80. Kc2 Rxd4 81. Kb2 Rh3 82. Kc2 Rxf4 83. Rxa2 Rhxh4 84.
Rb2 Rxb4 85. Ra2 Ra4 86. Rb2 Rhc4+ 87. Kd1 Ra1+ 88. Kd2 Rg1 89. Ke3 Rxg5 90.
Rf2 Rg3+ 91. Rf3 Rc3+ 92. Ke2 Rgxf3 93. Rd2 f5 94. Rd1 Rce3+ 95. Kd2 Rd3+ 96.
Kc2 Rxd1 97. Kxd1 Kc5 98. Ke2 Rg3 99. Kf2 Kd4 100. Kxg3 b4 101. Kf4 b3 102. Kg5
Ke5 103. Kxg6 h4 104. Kf7 h3 105. Ke7 h2 106. Kd7 h1=Q 107. Kc7 Qc1+ 108. Kb6
b2 109. Ka5 b1=Q 110. Ka4 Qc4+ 111. Ka3 111... Qbc1# {Banane checkmated} 0-1

[Event "ICS rated blitz match"]
[Site "204.178.125.65"]
[Date "1999.09.11"]
[Round "?"]
[White "Banane"]
[Black "Hossa"]
[Result "0-1"]
[WhiteElo "2120"]
[BlackElo "2432"]
[PlyCount "70"]
[EventDate "1999.??.??"]

1. e4 e5 2. Nf3 Nc6 3. Bc4 Nf6 4. d3 d5 5. exd5 Nxd5 6. O-O Bg4 7. h3 Bh5 8.
Re1 Bb4 9. c3 Be7 10. g4 Bg6 11. Nxe5 Nxe5 12. Rxe5 Nf6 13. Bg5 O-O 14. d4 Re8
15. Qe2 h6 16. Bxf6 Bxf6 17. Rxe8+ Qxe8 18. Qxe8+ Rxe8 19. Nd2 c6 20. Kf1 b5
21. Be2 h5 22. Bf3 Bd3+ 23. Kg2 hxg4 24. hxg4 Re6 25. a4 b4 26. Rh1 bxc3 27.
bxc3 Bc2 28. Rc1 Bxa4 29. Ra1 Bb5 30. Rxa7 Bg5 31. Ne4 Bf4 32. Nc5 Re1 33. Ra8+
Kh7 34. Rc8 Bf1+ 35. Kg1 35... Bh3# {Banane checkmated} 0-1

[Event "ICS rated blitz match"]
[Site "204.178.125.65"]
[Date "1999.09.15"]
[Round "?"]
[White "Banane"]
[Black "Hossa"]
[Result "0-1"]
[WhiteElo "2111"]
[BlackElo "2373"]
[PlyCount "58"]
[EventDate "1999.??.??"]

1. e4 d5 2. exd5 Qxd5 3. Nc3 Qa5 4. d4 c6 5. Bc4 Nd7 6. Nf3 e5 7. Nxe5 Nxe5 8.
dxe5 Qxe5+ 9. Qe2 Qxe2+ 10. Nxe2 Bc5 11. O-O Nf6 12. Ng3 O-O 13. Bg5 Nd5 14. c3
b5 15. Bb3 Re8 16. Rfe1 Bg4 17. h3 Be6 18. Ne4 Bf8 19. Nd2 f6 20. Bh4 Rad8 21.
Nf3 Bc5 22. Bg3 a6 23. Rad1 Bf7 24. Rxe8+ Rxe8 25. Kf1 a5 26. Nd4 a4 27. Bc2 a3
28. Nxc6 axb2 29. Rb1 29... Ba3 {Banane resigns} 0-1

[Event "ICS rated blitz match"]
[Site "204.178.125.65"]
[Date "1999.09.21"]
[Round "?"]
[White "Banane"]
[Black "Hossa"]
[Result "1/2-1/2"]
[WhiteElo "2060"]
[BlackElo "2369"]
[PlyCount "98"]
[EventDate "1999.??.??"]

1. e4 e5 2. Nf3 Nf6 3. Nc3 Bb4 4. Nxe5 d6 5. Nf3 Bxc3 6. dxc3 Nxe4 7. Bd3 Nc5
8. O-O O-O 9. h3 Re8 10. Bg5 f6 11. Bc4+ Be6 12. Bxe6+ Nxe6 13. Be3 d5 14. Nd4
Nc6 15. Nxe6 Rxe6 16. Bf4 Qd7 17. Qd2 Ne5 18. Bxe5 fxe5 19. Rad1 Rb6 20. b3 Rd6
21. Rfe1 Re8 22. Re2 Qf7 23. Rde1 e4 24. Qd4 b6 25. b4 a5 26. a3 axb4 27. axb4
Rdd8 28. Qe3 Qe7 29. f3 Qh4 30. Qf2 Qxf2+ 31. Kxf2 Rf8 32. Re3 c6 33. Kg3 exf3
34. Rxf3 Rde8 35. Rxf8+ Kxf8 36. Rxe8+ Kxe8 37. Kf4 Ke7 38. Ke5 b5 39. g3 Kd7
40. g4 Ke7 41. h4 Kd7 42. g5 Ke7 43. h5 Kd7 44. h6 gxh6 45. gxh6 Ke7 46. Kf5
Kf7 47. Ke5 Ke7 48. Kf5 Kf7 49. Ke5 49... Ke7 {Game drawn by repetition}
1/2-1/2

[Event "ICS rated blitz match"]
[Site "204.178.125.65"]
[Date "1999.09.27"]
[Round "?"]
[White "Banane"]
[Black "Hossa"]
[Result "0-1"]
[WhiteElo "2065"]
[BlackElo "2461"]
[PlyCount "24"]
[EventDate "1999.??.??"]

1. e4 e6 2. d3 d5 3. Nd2 c5 4. g3 Bd6 5. Bg2 Ne7 6. Ngf3 Nbc6 7. O-O O-O 8. c3
b6 9. Qe2 Ba6 10. e5 Bc7 11. Re1 Ng6 12. Qf1 12... Re8 {Banane resigns} 0-1

[Event "ICS rated blitz match"]
[Site "204.178.125.65"]
[Date "1999.09.10"]
[Round "?"]
[White "Banane"]
[Black "Hossa"]
[Result "1/2-1/2"]
[WhiteElo "2120"]
[BlackElo "2474"]
[PlyCount "80"]
[EventDate "1999.??.??"]

1. e4 g6 2. d4 h6 3. Nc3 Bg7 4. Be3 e5 5. dxe5 Bxe5 6. Nf3 Bxc3+ 7. bxc3 Nf6 8.
Bd4 O-O 9. Bd3 Nc6 10. Be3 Ng4 11. Qd2 Nxe3 12. Qxe3 Kg7 13. O-O d6 14. Nd4 Ne5
15. f4 Ng4 16. Qf3 Kg8 17. h3 Nf6 18. Rae1 Nd7 19. e5 Nb6 20. e6 Qf6 21. exf7+
Qxf7 22. Re2 c5 23. Nb5 d5 24. Rfe1 a6 25. Nd6 Qxf4 26. Qxf4 Rxf4 27. Re7 Rf6
28. Nxc8 Nxc8 29. Rxb7 Nd6 30. Rd7 c4 31. Be2 Re8 32. Rb1 Rxe2 33. Rb6 Ne4 34.
Rbb7 Rxc2 35. Rg7+ Kf8 36. Rh7 Rc1+ 37. Kh2 Kg8 38. Rhg7+ Kh8 39. Rh7+ Kg8 40.
Rhg7+ 40... Kh8 {Game drawn by mutual agreement} 1/2-1/2

[Event "ICS rated blitz match"]
[Site "204.178.125.65"]
[Date "1999.09.10"]
[Round "?"]
[White "Banane"]
[Black "Hossa"]
[Result "0-1"]
[WhiteElo "2128"]
[BlackElo "2466"]
[PlyCount "72"]
[EventDate "1999.??.??"]

1. e4 g6 2. d4 h6 3. Nc3 Bg7 4. Be3 e5 5. Nf3 exd4 6. Bxd4 Bxd4 7. Qxd4 f6 8.
Bc4 Nc6 9. Qd5 Qe7 10. O-O-O Nb4 11. Qd2 Qc5 12. Bb3 Ne7 13. a3 Nbc6 14. Nd5
Nxd5 15. Qxd5 Qxd5 16. exd5 Na5 17. Rhe1+ Kd8 18. Ba2 b5 19. d6 Bb7 20. dxc7+
Kxc7 21. Re7 Bc6 22. Bd5 Rad8 23. Bxc6 Nxc6 24. Rf7 f5 25. Nd4 Nxd4 26. Rxd4
Rhe8 27. Kd2 a5 28. Rg7 Re6 29. b3 Kc6 30. Kd3 d5 31. Ra7 Kb6 32. Rh7 h5 33.
Rg7 Rdd6 34. f3 Re1 35. h3 Rd1+ 36. Kc3 36... Rc6+ {Banane resigns} 0-1

[Event "ICS rated blitz match"]
[Site "204.178.125.65"]
[Date "1999.09.16"]
[Round "?"]
[White "Banane"]
[Black "Hossa"]
[Result "0-1"]
[WhiteElo "2102"]
[BlackElo "2424"]
[PlyCount "140"]
[EventDate "1999.??.??"]

1. e4 c5 2. c3 d5 3. exd5 Qxd5 4. d4 Nf6 5. Nf3 e6 6. Be2 Be7 7. O-O Nc6 8.
dxc5 Bxc5 9. Qxd5 exd5 10. Nbd2 O-O 11. Nb3 Re8 12. Nxc5 Rxe2 13. Re1 Rxe1+ 14.
Nxe1 b6 15. Nb3 Bf5 16. Nf3 Bg4 17. Nfd4 Nxd4 18. Nxd4 Re8 19. Kf1 Bc8 20. Bd2
Ba6+ 21. Kg1 Bd3 22. f3 a5 23. Kf2 h6 24. Re1 Rxe1 25. Kxe1 Nd7 26. Bf4 Bb1 27.
a3 f6 28. Bc7 Kf7 29. Kd2 h5 30. g3 Ke7 31. f4 Be4 32. Nc6+ Ke6 33. Ke3 a4 34.
Nb8 Nxb8 35. Bxb8 Kd7 36. h4 Kc6 37. Kd4 Bc2 38. Ke3 Bf5 39. Kd4 g6 40. Ke3 Bg4
41. Kd4 Bd1 42. Kd3 Bf3 43. Kd4 Be4 44. Ke3 Bc2 45. Kd4 b5 46. Ba7 Be4 47. Bc5
Kd7 48. Bf8 Ke6 49. Bg7 Bc2 50. Ke3 Kf7 51. Bh6 Bb3 52. Kd4 Bc4 53. Kc5 Ke6 54.
Bg7 Bd3 55. Bf8 Kf7 56. Bh6 Ke6 57. Bf8 f5 58. Bh6 Be2 59. Bg5 Bf1 60. Bh6 Bc4
61. Bf8 Kd7 62. Bh6 Kc7 63. Bg5 Kd7 64. Bf6 Ke8 65. Bg5 Kf8 66. Kd6 Kf7 67. Ke5
Bb3 68. Kd6 Kg7 69. Ke6 d4+ 70. Kd6 70... d3 {Banane resigns} 0-1

[Event "ICS rated blitz match"]
[Site "204.178.125.65"]
[Date "1999.09.21"]
[Round "?"]
[White "Banane"]
[Black "Hossa"]
[Result "0-1"]
[WhiteElo "2072"]
[BlackElo "2357"]
[PlyCount "101"]
[EventDate "1999.??.??"]

1. e4 e5 2. Nf3 Nf6 3. Nc3 Bb4 4. Nxe5 d6 5. Nf3 Bxc3 6. dxc3 Nxe4 7. Bd3 Nc5
8. O-O O-O 9. Re1 Bg4 10. Be2 Re8 11. h3 Bxf3 12. Bxf3 Rxe1+ 13. Qxe1 Nc6 14.
Be3 Ne5 15. Bg4 Nxg4 16. hxg4 b6 17. Bxc5 bxc5 18. c4 Qf6 19. Rb1 a5 20. b3 Qg6
21. Qe2 Qe6 22. Qxe6 fxe6 23. a4 Rf8 24. Re1 e5 25. f3 Kf7 26. Kh2 Ke6 27. Kg3
c6 28. Re2 d5 29. cxd5+ cxd5 30. Re1 Rf4 31. Rh1 h6 32. Rh5 c4 33. Rh1 cxb3 34.
cxb3 Rb4 35. Rb1 d4 36. Kf2 Kd6 37. Ke2 Kd5 38. Kd3 Rb6 39. Rb2 Rb7 40. Rb1 g5
41. Rb2 Rb4 42. Rb1 Rb6 43. Rb2 Rb7 44. Rb1 Rb4 45. Rb2 Rb6 46. Rb1 Rb8 47. Rb2
Kc5 48. Kc2 Kb4 49. Ra2 Rc8+ 50. Kb2 d3 51. Ra1 {Banane resigns} 0-1

[Event "ICS rated blitz match"]
[Site "204.178.125.65"]
[Date "1999.09.21"]
[Round "?"]
[White "Banane"]
[Black "Hossa"]
[Result "0-1"]
[WhiteElo "2066"]
[BlackElo "2363"]
[PlyCount "61"]
[EventDate "1999.??.??"]

1. e4 e5 2. Nf3 Nf6 3. Nc3 Bb4 4. Nxe5 d6 5. Nf3 Bxc3 6. dxc3 Nxe4 7. Bd3 Nc5
8. O-O O-O 9. Bg5 f6 10. Bc4+ Be6 11. Bxe6+ Nxe6 12. Be3 Re8 13. Nd4 Nc6 14.
Nxc6 bxc6 15. Qd2 d5 16. b3 c5 17. Rad1 c6 18. Bf4 Qa5 19. Bg3 Qa3 20. Ra1 Ng5
21. f3 Ne6 22. Rfe1 c4 23. bxc4 Qc5+ 24. Bf2 Qxc4 25. a4 a5 26. Qd3 Qxd3 27.
cxd3 Nf4 28. Rxe8+ Rxe8 29. c4 Nxd3 30. cxd5 Nxf2 31. Rd1 {Banane resigns} 0-1

[Event "ICS rated blitz match"]
[Site "204.178.125.65"]
[Date "1999.08.29"]
[Round "?"]
[White "BarkingCow"]
[Black "Hossa"]
[Result "1-0"]
[WhiteElo "2674"]
[BlackElo "2487"]
[PlyCount "92"]
[EventDate "1999.??.??"]

1. e4 e5 2. Nf3 Nc6 3. Bb5 a6 4. Ba4 b5 5. Bb3 Bc5 6. O-O d6 7. c3 Bg4 8. Bd5
Nge7 9. Bxf7+ Kxf7 10. Ng5+ Kg6 11. Qxg4 Qc8 12. Qg3 Rf8 13. Ne6+ Kf7 14. Nxf8
Qxf8 15. d3 Kg8 16. Be3 Qf6 17. Bxc5 dxc5 18. a4 Rd8 19. axb5 axb5 20. f4 Rf8
21. Qe3 c4 22. dxc4 bxc4 23. Qc5 exf4 24. Qxc4+ Kh8 25. Nd2 Rb8 26. Nf3 Nc8 27.
e5 Nxe5 28. Qxc7 Qd6 29. Qxd6 Nxf3+ 30. Rxf3 Nxd6 31. Rxf4 h5 32. Ra6 g5 33.
Rf6 Ne4 34. Rfe6 Nc5 35. Rh6+ Kg7 36. Rag6+ Kf7 37. Rf6+ Ke7 38. b4 Nb7 39. Rb6
Kd7 40. Rh7+ Ke8 41. Rh8+ Kd7 42. Rxb8 Nd6 43. Rg8 Kc7 44. Ra6 Nc8 45. Rg7+ Kb8
46. Rc6 46... g4 {Hossa resigns} 1-0

[Event "ICS rated blitz match"]
[Site "204.178.125.65"]
[Date "1999.08.28"]
[Round "?"]
[White "BarkingCow"]
[Black "Hossa"]
[Result "1-0"]
[WhiteElo "2536"]
[BlackElo "2502"]
[PlyCount "123"]
[EventDate "1999.??.??"]

1. d4 Nf6 2. c4 e5 3. dxe5 Ng4 4. Bf4 Bb4+ 5. Nd2 f6 6. e3 Bxd2+ 7. Qxd2 fxe5
8. Bg3 d6 9. O-O-O Nc6 10. Bd3 O-O 11. f4 Bf5 12. e4 exf4 13. Bxf4 Bg6 14. Nh3
Qe7 15. Bg5 Qe8 16. Rde1 Nce5 17. Bf1 Qa4 18. b3 Qa3+ 19. Kb1 Rf7 20. Nf4 Raf8
21. h4 Nf6 22. Bd3 Nh5 23. Nxg6 Nxg6 24. Bc2 Ng3 25. Rhg1 Ne5 26. Qd5 Kh8 27.
Bc1 Qb4 28. a3 Qb6 29. Bb2 Ne2 30. Rh1 Nf4 31. Qd2 Ne6 32. Qd1 Rf2 33. Rhf1
R8f7 34. Rxf2 Qxf2 35. Re2 Qxh4 36. Rd2 Kg8 37. c5 Nxc5 38. Bxe5 Nxe4 39. Re2
dxe5 40. Rxe4 Qg5 41. Qe2 Re7 42. Ra4 a6 43. Qe4 c6 44. Qxh7+ Kf7 45. Rh4 Rd7
46. Rh5 Qg3 47. Qf5+ Ke7 48. Rg5 Qe1+ 49. Kb2 Kd6 50. Qf8+ Kd5 51. Qc8 Re7 52.
Rg6 Qa5 53. Qg4 e4 54. Qf5+ Re5 55. Qd7+ Kc5 56. b4+ Kc4 57. Bb3+ Kb5 58. bxa5
Kxa5 59. Qc7+ b6 60. Qxe5+ c5 61. Qe8 e3 62. Qa4# {Hossa checkmated} 1-0

[Event "ICS rated blitz match"]
[Site "204.178.125.65"]
[Date "1999.10.03"]
[Round "?"]
[White "BeachCafeChamp"]
[Black "Hossa"]
[Result "0-1"]
[WhiteElo "2098"]
[BlackElo "2383"]
[PlyCount "122"]
[EventDate "1999.??.??"]

1. d4 d5 2. c4 c6 3. Nc3 dxc4 4. a4 c5 5. d5 Nd7 6. e4 Ne5 7. Nf3 Bg4 8. Be2
Bxf3 9. gxf3 e6 10. f4 Nd3+ 11. Bxd3 cxd3 12. Qxd3 Nf6 13. Qb5+ Qd7 14. dxe6
fxe6 15. e5 Qxb5 16. Nxb5 Nd5 17. Be3 a5 18. Rd1 Rc8 19. Ke2 g6 20. h4 Rd8 21.
h5 Rg8 22. hxg6 hxg6 23. Rh7 Rb8 24. Kf3 b6 25. Ke4 Rd8 26. Bc1 Be7 27. Rdh1 c4
28. Be3 Rc8 29. Rh8 Rxh8 30. Rxh8+ Kd7 31. Rh7 c3 32. bxc3 Rc4+ 33. Kd3 Rxa4
34. c4 Nxe3 35. fxe3 Ra1 36. e4 Rf1 37. Ke3 Re1+ 38. Kf3 a4 39. Nd4 a3 40. f5
gxf5 41. exf5 exf5 42. Kf4 Re4+ 43. Kxf5 Rxd4 44. e6+ Kd6 45. Rh1 Kc5 46. Ke5
Rd3 47. Ke4 Kxc4 48. Rc1+ Rc3 49. Ra1 b5 50. Ke5 b4 51. Ke4 b3 52. Rxa3 Bxa3
53. Kf5 Re3 54. Kf6 Rxe6+ 55. Kxe6 b2 56. Kf5 b1=Q+ 57. Ke6 Qf1 58. Ke5 Qf7 59.
Ke4 Bc1 60. Ke5 Kc5 61. Ke4 61... Qd5# {BeachCafeChamp checkmated} 0-1

[Event "ICS rated blitz match"]
[Site "204.178.125.65"]
[Date "1999.09.30"]
[Round "?"]
[White "Beadle"]
[Black "Hossa"]
[Result "1-0"]
[WhiteElo "2412"]
[BlackElo "2462"]
[Annotator "Fritz 5.32 (20s)"]
[PlyCount "148"]
[EventDate "1999.??.??"]

1. d4 Nf6 2. c4 c5 3. Nf3 cxd4 4. Nxd4 e5 5. Nb5 Bb4+ (5... Bc5 6. Nd6+ Ke7 7.
Nxc8+ Qxc8 8. e3 Rd8 9. Nc3 d5 10. cxd5 Bb4 11. Qb3 a5 12. Bd2 Na6 13. Bxa6
Rxa6 14. Rd1 Rad6 15. O-O Qd7 16. e4 Bc5 17. Bg5 Qg4 18. Bxf6+ Rxf6 19. Qxb7+
Rd7 20. Qb5 {Schinzel,W-Witkowski,S/Lodz 1979/MCD/1-0 (38)}) 6. Bd2 6... Be7
$146 (6... Bxd2+ 7. Qxd2 O-O 8. N1c3 Nc6 9. e3 a6 10. Nd6 Ne8 11. Nce4 f5 12.
Qd5+ Kh8 13. Nf7+ Rxf7 14. Qxf7 Nc7 15. Nd6 Ne7 16. g4 fxg4 17. Bd3 b6 18. Qh5
Kg8 19. Bxh7+ 19... Kh8 {1-0 Grey,F-Schermuly,S/Nuernberg 1995/EXT 97 (19)}) 7.
Bg5 O-O 8. Bxf6 Bxf6 9. N1c3 Nc6 10. e3 {Deckt d4} 10... a6 11. Nd6 Be7 12. Be2
Bxd6 13. Qxd6 Re8 14. Bg4 Qh4 (14... Na5 15. Bh5 $14) 15. h3 (15. Bxd7 $2 {
ist falsch} 15... Rd8 16. Nd5 16... Bxd7 $19) 15... Na5 16. b3 {Befestigt c4}
16... b5 17. cxb5 axb5 18. Rd1 {
Steigert den Druck auf den rueckstaendigen Bauern d7} 18... Ra6 19. Qd5 $11 (
19. Qd3 $5 19... Rb6 20. Qd5 $16 (20. Bxd7 $6 20... Rd8 21. Bxc8 Rxd3 22. Rxd3
22... Rc6 $11)) 19... b4 20. Ne4 Nc6 21. g3 (21. Bxd7 Rd8 22. Nc5 22... Rxa2
$14) 21... Qe7 22. Nd6 Rd8 23. Nxc8 Rxc8 24. Bxd7 Rd8 25. O-O Na7 (25... Ra7
26. Qxc6 Raxd7 27. Rxd7 Rxd7 28. Rc1 $16) 26. Qb7 {Weiss droht stark Bb5} 26...
Rd6 (26... Rxa2 $2 {uebersieht} 27. Ba4 Qf6 28. Rxd8+ (28. Qxa7 {
waere ein Fehlgriff} 28... Rxd1 29. Qb8+ Rd8 30. Qxb4 30... Qe6 $17) 28... Qxd8
29. Qxa7 $18) 27. Rxd6 $1 {
haelt den Vorteil fest. Nun geraet Schwarz unter starken Druck.} 27... Qxd6 28.
Bf5 Nc6 29. Rc1 Ne7 30. Be4 Rd7 31. Qa8+ Rd8 32. Qa5 f5 33. Bb7 $16 (33. Bf3 $5
33... Rb8 $18) 33... Rd7 (33... e4 34. Qc7 $16) 34. Bc8 Rd8 35. Be6+ Kh8 36.
Qc7 g6 37. g4 h6 38. gxf5 gxf5 39. Rc5 39... e4 $2 $18 (39... Qd1+ $5 $142 40.
Kg2 40... Qd6 $16) 40. Qxd6 {Droht Matt: Qxd8} 40... Rxd6 41. Bxf5 Nxf5 (41...
Rd5 42. Rxd5 Nxd5 43. Bxe4 $18) 42. Rxf5 Rd2 43. Re5 Rxa2 44. Rxe4 h5 45. Kg2
Ra8 46. Rxb4 {Dieser Freibauer bestimmt das Geschehen} 46... Rg8+ 47. Kf3 Kh7
48. Rd4 Rb8 49. b4 Kg7 (49... Kg6 {aendert den traurigen Lauf der Dinge nicht}
50. Kg3 $18) 50. e4 Kf6 51. Ke3 Rg8 (51... Ke7 {hilft auch nicht mehr} 52. h4
$18) 52. Rd5 Rg1 (52... h4 {aendert nichts am Ausgang der Partie} 53. b5 $18)
53. Rxh5 {Der Freibauer h3 greift sofort ein} 53... Rb1 54. b5 {
Weiss erhaelt Koenigsangriff} 54... Kg6 55. Rc5 Rh1 56. b6 Rb1 (56... Rxh3+ {
kann das Vorangegangene nicht ungeschehen machen} 57. f3 Rh8 58. f4 $18) 57.
Rc6+ Kg5 (57... Kf7 {waere gleichermassen fruchtlos} 58. e5 $18) 58. f4+ Kh4
59. f5 Kh5 (59... Kg5 {aendert nichts mehr} 60. Rg6+ Kh5 61. Kf4 $18) 60. Kd4 (
60. Kf4 {laesst dem Gegner kaum Chancen} 60... Rb2 $18) 60... Rb3 61. Kc4 {
Es droht Matt} 61... Re3 (61... Rb1 $18 {
koennte noch eine geringe Chance darstellen}) 62. b7 {Droht Matt: b8Q} 62...
Rxe4+ 63. Kc3 Re3+ 64. Kb2 Re8 65. Rc8 {Es droht Matt} 65... Re2+ 66. Ka3 (66.
Kc3 {ist genauer} 66... Re3+ 67. Kc4 Re4+ 68. Kc5 Re5+ 69. Kc6 69... Re1 $18)
66... Re3+ 67. Ka4 (67. Ka2 $142 {und Schwarz kann direkt aufgeben} 67... Re2+
68. Kb1 Re1+ 69. Kc2 Re2+ 70. Kc3 Re3+ 71. Kc4 Re4+ 72. Kc5 Re5+ 73. Kc6 73...
Re1 $18) 67... Re4+ (67... Re1 68. b8=Q Ra1+ 69. Kb4 Rb1+ 70. Kc5 Rxb8 71. Rxb8
Kg5 72. Rf8 Kf4 73. Kd5 Ke3 74. f6 Kd3 75. Re8 Kd2 76. f7 Kc3 77. f8=Q Kc2 78.
Qf2+ Kb3 79. Rb8+ Kc3 80. Qb2+ Kd3 81. Rb3#) 68. Kb3 Rf4 69. b8=Q Rf3+ 70. Rc3
{Droht Matt} 70... Rf1 (70... Rxf5 {nuetzt auch nichts mehr} 71. Qh8+ Kg5 72.
Qg7+ Kh5 73. Qg4+ Kh6 74. Qxf5 Kg7 75. Rc7+ Kh6 76. Rh7#) 71. Qg8 Rb1+ 72. Kc2
Rb6 73. Qg4+ (73. Rc7 Rb2+ 74. Kxb2 Kh6 75. Qg6#) 73... Kh6 74. Qh4+ Kg7 1-0

[Event "ICS rated blitz match"]
[Site "204.178.125.65"]
[Date "1999.08.27"]
[Round "?"]
[White "Beadle"]
[Black "Hossa"]
[Result "1-0"]
[WhiteElo "2524"]
[BlackElo "2413"]
[PlyCount "92"]
[EventDate "1999.??.??"]

1. d4 f5 2. e4 fxe4 3. Nc3 Nf6 4. Bg5 Nc6 5. d5 Ne5 6. Bxf6 exf6 7. Qd4 Be7 8.
Nxe4 O-O 9. f4 Ng6 10. f5 Ne5 11. Ne2 d6 12. Qf2 Re8 13. O-O-O c6 14. Qf4 cxd5
15. Rxd5 b5 16. Kb1 Bb7 17. Rxb5 Bc6 18. Nd4 Bxb5 19. Bxb5 Qb6 20. Bxe8 Rxe8
21. Re1 Nc4 22. Nb3 Qb4 23. Qf2 d5 24. Nc3 Nb6 25. Re6 Qc4 26. Na5 Qc8 27. Nc6
Qd7 28. Nxa7 Na8 29. Nab5 Kf8 30. Qd4 Rd8 31. a4 h6 32. g3 h5 33. Ne2 Qc8 34.
Qh4 Nc7 35. Rc6 Rd7 36. Nf4 Bd8 37. Ng6+ Kf7 38. Qb4 Be7 39. Qxe7+ Rxe7 40.
Nd6+ Kg8 41. Nxe7+ Kf8 42. Ng6+ Kg8 43. Nxc8 Ne8 44. a5 d4 45. a6 d3 46. cxd3
46... Nd6 {Hossa resigns} 1-0

[Event "ICS rated blitz match"]
[Site "204.178.125.65"]
[Date "1999.09.13"]
[Round "?"]
[White "Beadle"]
[Black "Hossa"]
[Result "1-0"]
[WhiteElo "2515"]
[BlackElo "2436"]
[PlyCount "101"]
[EventDate "1999.??.??"]

1. e4 c5 2. Nf3 e6 3. d4 cxd4 4. Nxd4 Nf6 5. Nc3 d6 6. g4 d5 7. Bg5 Be7 8. Bb5+
Bd7 9. e5 Ng8 10. Bf4 Bc5 11. O-O Bxd4 12. Qxd4 Nc6 13. Bxc6 bxc6 14. Rae1 a5
15. Na4 Rb8 16. Bd2 Ne7 17. Nc5 Bc8 18. Re3 O-O 19. Ra3 Ra8 20. Qa4 Ba6 21.
Bxa5 Qc8 22. Re1 Bb5 23. Qf4 Ng6 24. Qe3 Qe8 25. Bb4 Rxa3 26. Qxa3 Qc8 27. f3
Qd8 28. Qe3 Qh4 29. a4 Bc4 30. b3 d4 31. Qxd4 Bd5 32. Ne4 Rb8 33. Bc3 Ra8 34.
Qf2 Qd8 35. Rd1 Qe7 36. Qe3 Qh4 37. Bd4 f6 38. exf6 e5 39. Bc5 gxf6 40. c4 Bxe4
41. Qxe4 Rb8 42. Qxc6 Nf4 43. Qc7 Re8 44. Qd7 Rb8 45. Qe7 Ne2+ 46. Kh1 Ng3+ 47.
Kg2 h5 48. Rd7 Qxh2+ 49. Kxh2 Nf1+ 50. Kg1 Rxb3 51. Rd8# {Hossa checkmated} 1-0